| 000 | 00876nam a22002657a 4500 | ||
|---|---|---|---|
| 999 |
_c34230 _d34230 |
||
| 001 | 3582 | ||
| 003 | CO-MdFUSB | ||
| 005 | 20180622073138.0 | ||
| 008 | 180306t1968 xxu||||| |||| 00| 0 spa d | ||
| 040 |
_aCO-MdFUSB _bspa _cCO-MdFUSB _dCO-MdFUSBC _erda |
||
| 041 | 0 |
_aspa _heng |
|
| 082 | 0 | 4 | _aG 227.1 R5442c |
| 100 | 1 |
_aLiévano, M. Francisco _eautor |
|
| 245 | 0 |
_aComo ser Cristiano sin ser religioso _c / Fritz Ridenour, Editor ; M. Francisco Liévano R., Traductor |
|
| 250 | _a3 | ||
| 264 | 4 |
_aWheaton, ILL., USA : _b Libertador, _c©1968 |
|
| 300 | _a138 Pag | ||
| 336 |
_2rdacontent _atexto _btxt |
||
| 337 |
_2rdamedia _asin mediación _bn |
||
| 338 |
_2rdacarrier _avolumen _bnc |
||
| 500 | _aTítulo original : How to be a christian whithout being religeous | ||
| 650 | 0 |
_aVida cristiana _919 |
|
| 653 | _aInterpretación de la Biblia N.T. - Romanos | ||
| 942 | _cBK | ||